Загрузка...

Goa and Lusosphere art

Библиографические подробности
Главный автор: Vivek Menezes
Язык:Undetermined
Предметы:
LEADER 00435nab a2200145Ia 4500
008 170811c99999999xx |||||||||||| ||und||
100 |a Vivek Menezes 
245 |a Goa and Lusosphere art 
300 |a 51-55 
653 |a  Culture 
653 |a Portuguese 
773 |t Seminar   |g No. 630 (February) 2012 
942 |c ART 
999 |c 177602  |d 177602 
952 |0 0  |1 0  |4 0  |7 0  |9 243450  |a LIB  |b LIB  |d 2017-08-13  |h No. 630 (February) 2012  |r 2017-08-13  |w 2017-08-13  |y ART